000 00390nam a22001577a 4500
999 _c8004
_d8002
005 20220616112257.0
008 220616b ||||| |||| 00| 0 eng d
020 _a97815-43346-23-7
041 _aeng
100 _aGHODKE, DR. AMOL AND OTHERS
_97282
245 _aNEW TRENDS IN PHARMACOLOGY
260 _bS.VIKASH AND COMPANY
300 _a183;p
650 _aPHARMACY
_97283
942 _cBK